000 00642cam a2200205 4500
001 437
005 20181127161516.0
008 010206s2002 maua 000 0 eng
010 _a 2001025206
020 _a063121089X (alk. paper)
020 _a0631210903 (pb. : alk. paper)
100 1 _aEdles, Laura Desfor.
245 1 0 _aCultural sociology in practice /
_cLaura Desfor Edles.
260 _aMalden, MA :
_bBlackwell Publishers,
_c2002.
300 _aix, 265 p. :
_bill. ;
_c23 cm.
440 0 _a21st-century sociology
504 _aIncludes bibliographical references (p. [237]-261) and index.
650 0 _aCulture.
650 0 _aSociology.
999 _c359
_d359